000 00448nam a2200181Ia 4500
001 8380
005 20260306160605.0
008 260306t2002||||xx |||||||||||||| ||spa||
041 _aESP
082 _a370.7
_bP28
100 _aPatterson, Leslie
_eAUT
245 0 _aLos maestros son investigadores:
_breflexiones y acciones
260 _c2002
300 _a338 páginas :
_c23 cm.
650 _aGEN
654 _aCED
942 _cLIB
_dJUS
_fJUS
_2ddc
_n
999 _c8380
_d8380